000 01183nam a22002777a 4500
003 PE SENCICO BE
005 20251020182648.0
008 240108b |||||||| |||| 00| 0 eng d
040 _aPE SENCICO BE
_cPE SENCICO BE
041 _aspa
084 _aI
_aDIS
_a2015
_bB39
100 1 _91848
_aBerverisco Caritas, Annie Angela
_eautor
245 1 _aLa organización espacial como definidor de espacios interiores funcionales /
_cAnnie Angela Berverisco Caritas
246 _aProyecto hotel
260 _aLima :
_c2015
300 _a60 h. :
_bil. col., tabls. ;
_c30 x 21 cm.
500 _aTexto en dos volúmenes. El volumen 2 contiene planos (30 x 40 cm.).
502 _aMonografía de Titulación.-- Servicio Nacional de Capacitación para la Industria de la Construcción. Escuela Superior Técnica. Carrera Profesional Técnica en Diseño de Interiores, 2015
650 1 0 _944
_aDiseño de interiores
650 2 0 _99
_aEspacios interiores
650 2 0 _91811
_aPercepción espacial
650 2 0 _9615
_aPlanos
710 1 _aServicio Nacional de Capacitación para la Industria de la Construcción.
_bEscuela Superior Técnica
_91065
910 _bhfp
_chfp
942 _cMON
999 _c4483
_d4483